Si puede este natural domiciliario competir con el natural originario para haber esta capellanía

Detalles Bibliográficos
Otros Autores: Jerónimo de Pinedo
Formato: Libro
Publicado: villa de Coca, Santiuste, s.f.
Colección:Banco de datos
Acervo:Biblioteca Palafoxiana. Colección de Manuscritos
Descripción Física:2 f. ; 21 x 30 cm.
LEADER 00429nam a22001330004500
035 |a 1380 
245 1 0 |a Si puede este natural domiciliario competir con el natural originario para haber esta capellanía 
260 |a villa de Coca, Santiuste, s.f. 
300 |a 2 f. ; 21 x 30 cm. 
700 1 |a Jerónimo de Pinedo 
949 |a 32280/135 
942 |c PALAMANU 
943 |g Biblioteca Palafoxiana. Colección de Manuscritos 
999 |c 1069325  |d 1069325